000 01385nam a2200301 i 4500
003 vecauma
005 20251117130527.0
007 ta
008 251105t2011 ck |||||r|||| 00| 0 spa d
020 _a9788467037135
040 _avecauma
_bspa
_cvecauma
_dvecauma
_erda
041 1 _aspa
_hger
099 _aPT2702
_bA757 A5
_c2011
100 1 _aBarreau, Nicolas,
_d1980-
_eautor
_913720
245 1 3 _aLa sonrisa de las mujeres
_c/ Nicolas Barreau ; traducción de Carmen Blas Álvarez.
264 1 _aBogotá, Colombia :
_bEspasa,
_c2011.
264 4 _c©2011.
300 _a268 páginas.
336 _atexto
_btxt
_2rdacontenido
337 _ano mediado
_bn
_2rdamedio
338 _avolumen
_bnc
_2rdasoporte
490 0 _aNarrativa
520 3 _aEn París, de vez en cuando, llueve a cántaros y sopla el viento del norte tan fuerte que parece no haber resquicio donde refugiarse. Como cuando las borrascas llegan al corazón y no sabemos cómo ni dónde esperar a que escampe. Para Aurélie las casualidades no existen. Una tarde, más triste que nunca, se refugia en una librería y en un libro. Arrebujada en sus páginas, Aurélie reencuentra la sonrisa que creía haber perdido para siempre. Y muchas cosas más.
534 _pTítulo original:
_tDas Lächeln der Frauen
650 1 0 _91757
_aNOVELA
942 1 _2lcc
_n0
_cBK
999 _c12645
_d12645